| 000 | 00356nam a2200133Ia 4500 | ||
|---|---|---|---|
| 008 | 220204s9999 xx 000 0 und d | ||
| 082 |
_a543.08 _bSKO;1 |
||
| 100 | _aSkoog, Douglas | ||
| 245 | 0 | _aPrinciples of instrumental analysis | |
| 260 |
_aNew York _bHolt Rinehart _c1971 |
||
| 650 | _aInstrumental analysis | ||
| 700 | _aWest, Donald M | ||
| 942 | _cBK | ||
| 999 |
_c34962 _d34962 |
||